000 00379nam a2200145Ia 4500
008 230711s9999||||xx |||||||||||||| ||und||
041 _aENG
082 _a624
_bHU-L
100 _aHughes,Edward
245 0 _aLimit state theory for reinforced concrete design
250 _a1st
260 _c1976
_aNew York
_bVan Nostrand Reinhold Co.
650 _aCivil Engineering
942 _cBK
999 _c1009
_d1009